Pokémon with the Highest Defense Stats - Statistics

General Stats
  • This quiz has been taken 50 times
  • The average score is 16 of 34
Answer Stats
Defense Pokémon % Correct
230 Shuckle
84%
211 Stakataka
81%
200 Steelix
81%
140 Groudon
78%
150 Registeel
78%
160 Deoxys (Defense Forme)
75%
200 Regirock
75%
145 Zamazenta (Crowned Shield)
75%
168 Bastiodon
69%
160 Onix
69%
180 Aggron
66%
184 Avalugg
56%
250 Eternatus (Eternamax)
56%
145 Probopass
56%
140 Aegislash (Shield Forme)
47%
140 Skarmory
47%
150 Diancie
41%
135 Dusknoir
41%
139 Buzzwole
38%
140 Forretress
38%
143 Melmetal
38%
150 Calyrex (Ice Rider)
34%
140 Lairon
34%
180 Cloyster
31%
152 Toxapex
31%
150 Carbink
28%
145 Cofagrigus
28%
135 Nosepass
25%
145 Runerigus
22%
135 Stonjourner
22%
150 Doublade
19%
140 Torkoal
19%
135 Turtonator
16%
140 Golisopod
9%
No matching quizzes found
Score Distribution
Percent of People with Each Score
Percentile by Number Answered
Your Score History
You have not taken this quiz